| 000 | 01115nam0a22002771 4500 | ||
|---|---|---|---|
| 001 | RU\NLR\INFOCOMM_211\5000003212 | ||
| 005 | 20250613093318.0 | ||
| 035 | _a(NLR Aleph) 009198146 | ||
| 090 |
_a8672610 _c8672610 |
||
| 100 | _a20100609d1935 |||y0rusy50 ca | ||
| 101 | 0 | _agre | |
| 102 | _aRU | ||
| 105 | _ay ||||000|y | ||
| 200 | 1 |
_aΓια τιν χτινοτροφία _fΙ ἔκθεσι τυ σ. Τσερνόφ _gΤο VII συνέδριον του Σοβέτ |
|
| 210 |
_aΡοστοβ-Ντον _cΚομυνίστις _d1935 |
||
| 215 |
_a25 с. _d22 см |
||
| 300 | _aВ вып. дан.: О мероприятиях по укреплению и развитию животноводства / Докл. Нар. комиссара земледелия СССР тов. М. А. Чернова | ||
| 606 |
_aЖивотноводство _yСССР _2nlr_sh1 |
||
| 686 |
_aУ32(2)52 _2rubbk |
||
| 700 | 1 |
_9z01790 _aČernov _bM. A. _gMichail Aleksandrovič _4070 |
|
| 790 | 1 |
_9z01700 _aΤσερνόφ _4070 |
|
| 801 | 1 |
_aRU _bNLR _c20100609 |
|
| 801 | 0 |
_aRU _bNLR _gPSBO |
|
| 852 |
_aNLR _jD10/345 |
||
| 942 | _cBOOK | ||
| 980 | _aNB | ||